[Event "Commonwealth-ch"]
[Site "New Delhi"]
[Date "2007.12.08"]
[Round "8"]
[White "Das, Sayantan"]
[Black "Srivastava, KBL"]
[Result "1-0"]
[WhiteElo "1982"]
[BlackElo "2105"]
[PlyCount "91"]
[EventDate "2007.12.03"]
[EventType "swiss"]
[EventRounds "10"]
[EventCountry "IND"]
[SourceTitle "CBM 121 Extra"]
[Source "ChessBase"]
[SourceDate "2008.01.10"]
[SourceVersion "1"]
[SourceVersionDate "2008.01.10"]
[SourceQuality "1"]

1. e4 e6 2. d4 d5 3. Nc3 Nf6 4. Bg5 Be7 5. e5 Nfd7 6. Bxe7 Qxe7 7. f4 0-0 8. Nf3 f6 9. Bd3 a6 10. Ne2 c5 11. c3 Nc6 12. 0-0 cxd4 13. cxd4 Nb4 14. Bb1 Rd8 15. Nc3 Nf8 16. Qb3 Rb8 17. exf6 gxf6 18. a3 Nc6 19. f5 b5 20. fxe6 Bxe6 21. Qd1 Na5 22. b3 Rbc8 23. Ne2 Bg4 24. Bd3 Rc6 25. Kh1 Kh8 26. h3 Bh5 27. Nf4 Bg6 28. Nh4 Qg7 29. Rb1 Bxd3 30. Nxd3 Qg5 31. Nf5 Nb7 32. h4 Qg6 33. Ne7 Qe8 34. Nxc6 Qxc6 35. Qf3 Rd6 36. Nb4 Qd7 37. Nd3 Ng6 38. h5 Ne7 39. Rbe1 Rc6 40. Qe3 Ng8 41. Qe8 Qc7 42. Nf4 Nd6 43. Qf8 Ne4 44. Nxd5 Ng3+ 45. Kg1 Nxf1 46. Nxc7 1-0

[Event "Commonwealth-ch"]
[Site "New Delhi"]
[Date "2007.12.05"]
[Round "4"]
[White "Srivastava, KBL"]
[Black "Singh, Gurpreetpal"]
[Result "1/2-1/2"]
[WhiteElo "2105"]
[BlackElo "2292"]
[PlyCount "83"]
[EventDate "2007.12.03"]
[EventType "swiss"]
[EventRounds "10"]
[EventCountry "IND"]
[SourceTitle "CBM 121 Extra"]
[Source "ChessBase"]
[SourceDate "2008.01.10"]
[SourceVersion "1"]
[SourceVersionDate "2008.01.10"]
[SourceQuality "1"]

1. e4 c5 2. Nf3 Nc6 3. b3 Nf6 4. Nc3 g6 5. Bb2 Bg7 6. Nd5 e6 7. Nxf6+ Bxf6 8. Bxf6 Qxf6 9. c3 e5 10. h3 0-0 11. Bb5 a6 12. Bxc6 dxc6 13. Qe2 Qd6 14. 0-0 Be6 15. Rad1 a5 16. d3 a4 17. Qc2 axb3 18. axb3 Rfd8 19. Rd2 Ra3 20. Rb1 f6 21. Nh2 Qd7 22. Nf3 Qf7 23. c4 Qc7 24. Ne1 Qa5 25. Kf1 Rd7 26. Rb2 b5 27. Ra2 Ra7 28. Rb2 Ra1 29. Ke2 Qb4 30. f3 Kf7 31. Kf2 h5 32. Re2 g5 33. Qd2 Qxd2 34. Rexd2 Ke7 35. Rdc2 b4 36. Ke2 f5 37. exf5 Bxf5 38. Rd2 Bg6 39. Rdc2 Ke6 40. Kf2 Kf6 41. Ke2 Bf7 42. Kf2 1/2-1/2

[Event "Commonwealth-ch"]
[Site "New Delhi"]
[Date "2007.12.04"]
[Round "3"]
[White "Oliver, Shannon"]
[Black "Srivastava, KBL"]
[Result "0-1"]
[WhiteElo "1940"]
[BlackElo "2105"]
[PlyCount "70"]
[EventDate "2007.12.03"]
[EventType "swiss"]
[EventRounds "10"]
[EventCountry "IND"]
[SourceTitle "CBM 121 Extra"]
[Source "ChessBase"]
[SourceDate "2008.01.10"]
[SourceVersion "1"]
[SourceVersionDate "2008.01.10"]
[SourceQuality "1"]

1. e4 d6 2. d4 g6 3. Nc3 Bg7 4. Be3 c6 5. f4 Nd7 6. Nf3 Qc7 7. Bc4 b5 8. Bb3 e6 9. 0-0 a6 10. Kh1 Ne7 11. Qd2 d5 12. e5 c5 13. dxc5 Nxc5 14. Nd4 Bd7 15. Qf2 Rc8 16. a4 b4 17. Nce2 f6 18. exf6 Bxf6 19. Ng3 0-0 20. Rae1 Qd6 21. Bd2 Rb8 22. Qe3 Rfe8 23. Rf3 Nc6 24. Nge2 Na5 25. Ref1 Rb6 26. Rh3 Re7 27. f5 exf5 28. Qh6 Naxb3 29. cxb3 Rf7 30. Rg3 Bg7 31. Qh4 Ne4 32. Rh3 Nxd2 33. Qxh7+ Kf8 34. Re1 Ne4 35. Qh4 g5 0-1